| 000 | 00820nam a22002297a 4500 | ||
|---|---|---|---|
| 003 | OSt | ||
| 005 | 20140310181929.0 | ||
| 008 | 130722t xxu||||| |||| 00| 0 eng d | ||
| 020 | _a0439294665 | ||
| 050 |
_aLB 1576 _b.M379 2001 |
||
| 082 |
_aTRE 808.042 _bM36 2001 |
||
| 100 |
_aMartin, Justin McCory _92569 |
||
| 245 |
_a50 world-record writing prompts : _bsuper-motivating, reproducible prompts that use amazing world records as springboards to great writing/ _cJustin McCory Martin. |
||
| 260 |
_aNew York : _bScholastic Professional Books, _cc2001. |
||
| 300 |
_a56 p. : _bill. ; _c28 cm. |
||
| 521 | _aFaculty | ||
| 541 | _j1 | ||
| 562 | _e1 | ||
| 650 | _2Writing--Study and teaching (Elementary). | ||
| 650 | _2Writing--Composition and exercises (Elementary). | ||
| 942 |
_2lcc _cBK-TR _kTRE |
||
| 999 |
_c7278 _d7278 |
||